Movies by Picture - I - Statistics

General Stats
  • This quiz has been taken 690 times
  • The average score is 10 of 16
Answer Stats
Picture Answer % Correct
It
97%
Iron Man
96%
Indiana Jones and the Last Crusade
91%
The Incredible Hulk
82%
Inception
79%
Interstellar
79%
Inglourious Basterds
70%
I, Robot
68%
I, Tonya
63%
Independence Day
57%
The Intern
45%
The Imitation Game
44%
Invictus
36%
The Intouchables
32%
Into the Wild
29%
I Know What You Did Last Summer
27%
No matching quizzes found
Score Distribution
Percent of People with Each Score
Percentile by Number Answered
Your Score History
You have not taken this quiz